Lego Stranger Things Characters - Statistics

General Stats
  • This quiz has been taken 132 times
    22 since last reset
  • The average score is 16 of 16
Answer Stats
Picture Answer % Correct
Dustin Henderson
100%
Eleven
100%
Holly Wheeler
100%
Jim Hopper
100%
Joyce Byers
100%
Lucas Sinclair
100%
Max Mayfield
100%
Mike Wheeler
100%
Nancy Wheeler
100%
Steve Harrington
100%
Vecna
100%
Will Byers
100%
Barb Holland
94%
Demogorgon
94%
Jonathan Byers
94%
Robin Buckley
81%
No matching quizzes found
Score Distribution
Percent of People with Each Score
Percentile by Number Answered
Your Score History
You have not taken this quiz since the last reset